000
00327nam a2200133Ia 4500
008
240624s9999 xx 000 0 und d
041
_a
eng
082
_a
659.1 PAR
100
_a
PARAMESWARAN AMBI
245
_a
NAWABS NUDES NOODLES
260
_c
2016
_a
New Delhi
_b
Pan Macmillan India
300
_a
320 , p.
365
_c
RS
_b
30
999
_c
30933
_d
30933